|
|
|
|
| LEADER |
02168nam a2200577 i 4500 |
| 001 |
nkc20213344307 |
| 003 |
CZ PrNK |
| 005 |
20211015114739.0 |
| 007 |
ta |
| 008 |
210831s2021 xr a e 000 0 cze |
| 015 |
|
|
|a cnb003344307
|
| 020 |
|
|
|a 978-80-246-4792-0
|q (brožováno)
|
| 035 |
|
|
|a (OCoLC)1274109595
|
| 040 |
|
|
|a ABA001
|b cze
|e rda
|
| 041 |
0 |
|
|a cze
|b eng
|
| 043 |
|
|
|a e-cs---
|
| 045 |
|
|
|a x8y1
|
| 072 |
|
7 |
|a 94(437)
|x Dějiny Česka a Slovenska
|2 Konspekt
|9 8
|
| 080 |
|
|
|a 94(437)"1989"
|2 MRF
|
| 080 |
|
|
|a 316.323.7:316.42
|2 MRF
|
| 080 |
|
|
|a 323
|2 MRF
|
| 080 |
|
|
|a (437)
|2 MRF
|
| 080 |
|
|
|a (062.552)
|2 MRF
|
| 245 |
0 |
0 |
|a Otisky sametové revoluce :
|b kde přebývá devětaosmdesátý /
|c Petr Agha a Jan Géryk (ed.) ; ilustrace Tereza Basařová
|
| 250 |
|
|
|a Vydání první
|
| 264 |
|
1 |
|a Praha :
|b Univerzita Karlova, nakladatelství Karolinum,
|c 2021
|
| 300 |
|
|
|a 177 stran :
|b ilustrace ;
|c 21 cm
|
| 336 |
|
|
|a text
|b txt
|2 rdacontent
|
| 337 |
|
|
|a bez média
|b n
|2 rdamedia
|
| 338 |
|
|
|a svazek
|b nc
|2 rdacarrier
|
| 504 |
|
|
|a Obsahuje bibliografické odkazy
|
| 546 |
|
|
|a Anglické resumé
|
| 648 |
|
7 |
|a od 1989
|7 ch462156
|2 czenas
|
| 650 |
0 |
7 |
|a Sametová revoluce (1989 : Československo)
|7 ph138757
|2 czenas
|
| 650 |
0 |
7 |
|a postkomunismus
|7 ph124401
|z Československo
|2 czenas
|
| 650 |
0 |
9 |
|a Velvet revolution (1989 : Czechoslovakia)
|2 eczenas
|
| 650 |
0 |
9 |
|a post-communism
|z Czechoslovakia
|2 eczenas
|
| 651 |
|
7 |
|a Česko
|7 ge128065
|x společnost a politika
|y od 1989
|2 czenas
|
| 651 |
|
9 |
|a Czechia
|x society and politics
|y 1989-
|2 eczenas
|
| 655 |
|
7 |
|a sborníky
|7 fd163935
|2 czenas
|
| 655 |
|
9 |
|a papers of several authors
|2 eczenas
|
| 700 |
1 |
|
|a Agha, Petr,
|d 1977-
|7 xx0261891
|4 aut
|4 edt
|
| 700 |
1 |
|
|a Géryk, Jan,
|d 1991-
|7 xx0263363
|4 aut
|4 edt
|
| 700 |
1 |
|
|a Eager, Tereza,
|d 1992-
|7 xx0244400
|4 ill
|
| 910 |
2 |
|
|a BOA001
|b 2-1473.841
|
| 928 |
9 |
|
|a Karolinum
|
| 990 |
|
|
|a BK
|
| 995 |
|
|
|a 01
|
| 991 |
|
|
|b 202109
|c NOV
|
| 996 |
6 |
|
|b 2610879736
|c 2-1473.841
|l MZK
|r Sklad / do 1 hodiny
|n 0
|p p.v.
|w 001862939
|u 000010
|a 1
|e BOA001
|j MZK50
|s P
|
| 996 |
7 |
|
|b 2610882086
|c 2-1473.841
|l Vol.výběr
|r VV 0p
|n 4
|p kup
|h 323 AGH
|w 001862939
|u 000020
|a 0
|e BOA001
|j MZK50
|s A
|